| 000 | 00426cam a2200133u 4500 | ||
|---|---|---|---|
| 082 |
_a531.1 _bFAW _c29176 |
||
| 100 | 1 |
_aFawdry, Reginald Charles. [from old catalog] _939976 |
|
| 245 | 1 | 0 |
_aDynamics; _bfirst parts, |
| 260 |
_aLondon, _bG. Bell and sons, ltd., _c1920. |
||
| 300 |
_aviii, 177, [1] vii, 177, ix p. _bdiagrs. _c19 cm. |
||
| 526 |
_a0 _b0 _c0 _d531_100000000000000_FAW |
||
| 650 | 0 |
_aMechanics. _910681 |
|
| 942 |
_2ddc _cBK |
||
| 999 |
_c544362 _d544362 |
||